Disney Movie by Song Quiz - Statistics

General Stats
  • This quiz has been taken 631 times
  • The average score is 15 of 20
Answer Stats
Song Movie % Correct
A Whole New World Aladdin
98%
Let It Go Frozen
96%
Circle of Life The Lion King
96%
Be Our Guest Beauty and the Beast
93%
I’ll Make a Man Out of You Mulan
88%
Part of Your World The Little Mermaid
88%
Colors of the Wind Pocahontas
86%
The Bare Necessities The Jungle Book
85%
How Far I'll Go Moana
82%
Whistle While You Work Snow White and the Seven Dwarfs
81%
He's a Tramp Lady and the Tramp
77%
When You Wish Upon a Star Pinocchio
74%
Zero to Hero Hercules
72%
I See the Light Tangled
69%
You’ll Be in My Heart Tarzan
64%
Almost There The Princess and the Frog
61%
Try Everything Zootopia
55%
Out There The Hunchback of Notre Dame
39%
Why Should I Worry Oliver & Company
28%
Love Robin Hood
21%
No matching quizzes found
Score Distribution
Percent of People with Each Score
Percentile by Number Answered
Your Score History
You have not taken this quiz